| 000 | 01054nam a2200289 i 4500 | ||
|---|---|---|---|
| 001 | bg | ||
| 100 | 1 | _aKUCHARSKI, Radosław Jacek | |
| 245 | 1 | 0 |
_aMetody prognozowania hałasu komunikacyjnego (drogowego i ulicznego) / _cRadosław J. Kucharski ; [współpr. Marek Kraszewski, Andrzej Kurpiewski ; Państwowa Inspekcja Ochrony Środowiska. Instytut Ochrony Środowiska]. |
| 260 |
_aWarszawa : _bPIOŚ, _c1996. |
||
| 300 |
_a62 s. : _brys., wykr. ; _c24 cm. |
||
| 490 | 1 | _aBiblioteka Monitoringu Środowiska | |
| 504 | _aBibliogr. s. 46. | ||
| 650 | 9 |
_aHałas _xprognozy _xmetody |
|
| 650 | 9 |
_aKomunikacja drogowa _xhigiena _xmetody |
|
| 650 | 9 |
_aKomputery _xstosowanie _xkomunikacja |
|
| 650 | 9 |
_aModele matematyczne _xstosowanie |
|
| 700 | 1 | _aKRASZEWSKI, Marek. | |
| 700 | 1 | _aKURPIEWSKI, Andrzej. | |
| 830 | _aBiblioteka Monitoringu Środowiska | ||
| 020 | _a8387166227 | ||
| 040 | _cBPK | ||
| 041 | 0 | _apl | |
| 080 | _a504.05:656.1:534.8:681.322.004 | ||
| 920 | _a83-87166-22-7 | ||
| 942 | _cKS | ||
| 008 | s pl f |000 0 pol | ||
| 999 |
_c31475 _d31475 |
||
| 856 |
_uhttp://koha.tu.koszalin.pl/cgi-bin/koha/opac-detail.pl?biblionumber=31475 _yKatalog online BPK |
||